000 00751nam a22001937a 4500
005 20250109170131.0
010 _aENG-143295
020 _c250.00
_a9788119664337
035 _aEN-126827
037 _bDBAD
082 _a261.8324
245 _aPandemic Challenges to the Indian Church:
_cEdited By Rajakumar Joseph [and] Joseph Victor Edwin
_bA Theological Response/
260 _bATC Publishers
_aBengaluru
_c2024
270 _aSt's Mary Block, Archdiocesan,Pastoral Center,#5, Nandidurga Road,Benson Town
_bBengaluru
_e560046
_k+918025491999
_k7090100444
_minfo@atcpublishers.com
300 _a168p.
_c21cm(pb)
700 _aJoseph, Rajakumar
_976305
700 _aEdwin, Joseph Victor
_976306
942 _2ddc
_cEN
_h261.8324
_mPAN
999 _c208335
_d208335